000 01028pam a2200289 a 4500
001 4488992
003 OSt
005 20240315134456.0
008 970610s1998 nyua b 001 0 eng c
010 _a 97017953
020 _a044307514X (sc : alk. paper)
040 _aDNLM/DLC
_cDLC
_dDLC
050 0 0 _aQM601
_b.L369 1998
060 1 0 _aQS 604 L334e 1998
082 0 0 _aQS 604 L32e 1998
_221
100 1 _aLarsen, William J.;
_91292
245 1 0 _aEssentials of Human Embryology
260 _aNew York :
_bChurchill Livingstone,
_c1998.
300 _axii, 394 p. :
_bill. (some col.) ;
_c28 cm.
500 _aBased on the first edition of Human embryology, published in 1993.
504 _aIncludes bibliographical references (p. 331-354) and index.
650 0 _aEmbryology
_9204
650 1 2 _aDeveloping human
_961
906 _a7
_bcbc
_corignew
_d1
_eocip
_f19
_gy-gencatlg
942 _2z
_cSLOAN
999 _c488
_d488